La política en suspenso : 1966-1976 /

Octavo tomo de la colección Historia Argentina, dedicado a los diez años transcurridos entre el golpe de Estado de 1966 y el llamado proceso de reorganización nacional, inaugurado en 1976 con un nuevo golpe de las fuerzas armadas. El período se caracterizó por la intensidad de los conflictos que des...

Бүрэн тодорхойлолт

-д хадгалсан:
Номзүйн дэлгэрэнгүй
Үндсэн зохиолч: Riz, Liliana De (autor)
Бусад зохиолчид: Halperín Donghi, Tulio (dirección) (dirección)
Формат: Ном
Хэл сонгох:испани
Хэвлэсэн: Buenos Aires, Argentina : Paidós, 2000, c2000
Цуврал:(Historia Argentina ; 8)
Нөхцлүүд:
Шошгууд: Шошго нэмэх
Шошго байхгүй, Энэхүү баримтыг шошголох эхний хүн болох!

MARC

LEADER 00000nam^a2200000^a^4500
001 000154718
005 20250521000000.0
009 20260310100404.806
020 |a 950-12-7708-9 
037 |a Acervo ITESO - Biblioteca 
041 |a ESP 
082 |a 982.  |b HIS V. 8 
100 |a Riz, Liliana De  |e (autor) 
240 1 1 |a [Historia argentina] 
245 1 3 |a La política en suspenso : 1966-1976 /  |c L. De Riz ; dir. de T. Halperín Donghi. 
264 4 |a Buenos Aires, Argentina :  |b Paidós,  |c 2000, c2000 
300 |a 203 p. 
336 |a texto  |b txt  |2 rdacontenido 
337 |a sin mediación  |b n  |2 rdamedio 
338 |a volumen  |b nc  |2 rdasoporte 
440 1 |a (Historia Argentina ;  |v 8) 
520 |a Octavo tomo de la colección Historia Argentina, dedicado a los diez años transcurridos entre el golpe de Estado de 1966 y el llamado proceso de reorganización nacional, inaugurado en 1976 con un nuevo golpe de las fuerzas armadas. El período se caracterizó por la intensidad de los conflictos que desgarraron a la sociedad argentina y por el fracaso de toda fórmula política para contener los problemas que atravesaba la nación sudamericana. Los años 1966-1976 comprenden las sucesivas presidencias de los militares Juan C. Oganía, R.M. Levingston y Alejandro Lanusse; la breve gestión de Héctor Cámpora durante el año 1973 y la reincorporación de Juan Domingo Perón al sistema político con su triunfo en los comicios de ese mismo año. 
649 |a XX 
650 |a Golpe de Estado -  |z Argentina 
650 |a Fuerzas Armadas -  |z Argentina 
650 |a Militarismo -  |z Argentina 
650 |a Peronismo -  |z Argentina 
650 |a Política -  |z Argentina -  |x Historia -  |y 1955-1973 
650 |a Política -  |z Argentina -  |x Historia -  |y 1973-1976 
650 |a Política -  |z Argentina -  |x Historia -  |y Siglo XX 
650 |a Argentina -  |x Condiciones Políticas 
650 |a Argentina -  |x Historia -  |y 1955-1973 
650 |a Argentina -  |x Historia -  |y 1973-1976 
650 |a Argentina -  |x Historia -  |y Siglo XX 
700 |a Halperín Donghi, Tulio  |e (dirección) 
910 |a Fondo General 
920 |a Impresos - Libros 
930 |a Colección General 
905 |a 101 
901 |a 0500086361  |b IT1  |c ACC  |u 20250521 
902 |a https://opac.biblio.iteso.mx/vufind/Record/000154718